[Event "PRO League Group Stage"]
[Site "chess.com INT"]
[Date "2019.02.07"]
[Round "5"]
[White "Volkov, Nika"]
[Black "Ivlev, Aleksey"]
[Result "1/2-1/2"]
[BlackTitle "FM"]
[WhiteElo "2153"]
[BlackElo "2326"]
[WhiteTeam "Tbilisi Gentlemen"]
[BlackTeam "Volga Stormbringers"]
[WhiteFideId "13604376"]
[BlackFideId "24185949"]
[EventDate "2019.01.08"]

1. d4 d5 2. c4 c6 3. Nc3 Nf6 4. Nf3 e6 5. e3 Nbd7 6. Bd3 dxc4 7. Bxc4 b5 8. Bd3
Bd6 9. O-O O-O 10. Bd2 Bb7 11. e4 e5 12. dxe5 Nxe5 13. Nxe5 Bxe5 14. Be3 a6 15.
Qc2 Ng4 16. g3 Nxe3 17. fxe3 Qb6 18. Qf2 Rad8 19. Rad1 f6 20. Kg2 Rf7 21. Bc2
Rfd7 22. Rxd7 Rxd7 23. Bb3+ Kh8 24. Rd1 Qd8 25. Qc2 g6 26. Be6 Rd6 27. Bb3 Kg7
28. a3 Qe7 29. Kf2 h5 30. Ba2 h4 31. Qb3 hxg3+ 32. hxg3 Qf8 33. Rxd6 Bxd6 34.
Ne2 c5 35. Qe6 Bc8 36. Qd5 g5 37. b4 c4 38. a4 Qe7 39. axb5 Be6 40. Qc6 axb5 41.
Qxb5 Qc7 42. Nd4 Bxg3+ 43. Kg2 Bc8 44. Qxc4 Qxc4 45. Bxc4 Bb8 46. Be6 Bb7 47.
Bd5 Bc8 48. b5 Ba7 49. Be6 Bxd4 50. Bxc8 Bxe3 1/2-1/2

[Event "PRO League Group Stage"]
[Site "chess.com INT"]
[Date "2019.02.07"]
[Round "5"]
[White "Meshkovs, Nikita"]
[Black "Kryakvin, Dmitry"]
[Result "0-1"]
[WhiteTitle "GM"]
[BlackTitle "GM"]
[WhiteElo "2557"]
[BlackElo "2588"]
[WhiteTeam "Estonia Horses"]
[BlackTeam "Moscow Phoenix"]
[WhiteFideId "11602740"]
[BlackFideId "4153278"]
[EventDate "2019.01.08"]

1. Nf3 Nf6 2. c4 g6 3. Nc3 Bg7 4. e4 d6 5. d4 O-O 6. Be2 e5 7. O-O Nc6 8. d5 Ne7
9. Bd2 Nd7 10. b4 h6 11. Ne1 f5 12. exf5 Nxf5 13. Ne4 Nf6 14. Bd3 Nd4 15. Nc2
Bf5 16. f3 Bxe4 17. fxe4 Qd7 18. Ne3 h5 19. c5 Ng4 20. Nxg4 hxg4 21. Rc1 Kh7 22.
Rxf8 Rxf8 23. Be2 Qf7 24. Qe1 Nxe2+ 25. Qxe2 Bh6 26. Bxh6 Kxh6 27. Qe3+ Qf4 28.
Qxf4+ exf4 29. Kf2 Re8 30. Rc4 b5 31. cxb6 cxb6 32. a4 Kg5 33. b5 Kf6 34. h3
gxh3 35. gxh3 Rh8 36. Kg2 Ke5 37. Rc7 Kxe4 38. Rxa7 Kxd5 39. a5 bxa5 40. Rxa5
Kc5 41. Ra6 d5 42. Rxg6 Kxb5 43. Rg4 Rf8 44. Kf3 Kc4 45. h4 d4 46. h5 d3 47. Rg7
Rd8 48. Rg1 d2 49. Rd1 Rd4 50. h6 Kd3 51. h7 Rd8 52. Rh1 Rh8 53. Kxf4 Kc2 54.
Rh2 Kc1 55. Rh1+ d1=Q 56. Rxd1+ Kxd1 57. Kg5 Rxh7 0-1

[Event "PRO League Group Stage"]
[Site "chess.com INT"]
[Date "2019.02.07"]
[Round "5"]
[White "Zakhartsov, Vladimir"]
[Black "Burg, Twan"]
[Result "1/2-1/2"]
[WhiteTitle "IM"]
[BlackTitle "GM"]
[WhiteElo "2483"]
[BlackElo "2514"]
[WhiteTeam "Moscow Phoenix"]
[BlackTeam "Estonia Horses"]
[WhiteFideId "4145097"]
[BlackFideId "1010697"]
[EventDate "2019.01.08"]

1. d4 Nf6 2. c4 e6 3. Nf3 d5 4. Nc3 Be7 5. Bf4 O-O 6. e3 Nbd7 7. c5 Ne4 8. Qc2
f5 9. h4 c6 10. b4 a5 11. b5 Nxc3 12. Qxc3 cxb5 13. Bxb5 b6 14. O-O bxc5 15.
Bxd7 Bxd7 16. dxc5 Rc8 17. Bg5 h6 18. Bxe7 Qxe7 19. Rfc1 f4 20. Ne5 Be8 21. exf4
Rxf4 22. Rab1 Rxh4 23. c6 Rh5 24. Qd4 Qh4 25. Qxh4 Rxh4 26. a3 Re4 27. f4 Kf8
28. Rb7 g5 29. g3 Re3 30. Rh7 Kg8 31. Re7 Rxg3+ 32. Kf2 gxf4 33. Nd7 Rg6 34. Kf3
e5 35. Nxe5 Rf6 36. c7 Kf8 37. Rh7 Kg8 38. Re7 Kf8 39. Rh7 Kg8 40. Re7 Kf8 1/2-1/2

[Event "PRO League Group Stage"]
[Site "chess.com INT"]
[Date "2019.02.07"]
[Round "5"]
[White "Savitskiy, Sergey"]
[Black "Narva, Mai"]
[Result "1-0"]
[WhiteTitle "IM"]
[BlackTitle "WIM"]
[WhiteElo "2411"]
[BlackElo "2347"]
[WhiteTeam "Moscow Phoenix"]
[BlackTeam "Estonia Horses"]
[WhiteFideId "24105660"]
[BlackFideId "4500512"]
[EventDate "2019.01.08"]

1. e4 c5 2. Nf3 Nc6 3. Bb5 g6 4. O-O Bg7 5. c3 Nf6 6. Re1 O-O 7. d4 cxd4 8. cxd4
d5 9. e5 Ne4 10. Bxc6 bxc6 11. Nbd2 Nxd2 12. Bxd2 a5 13. h3 f6 14. Rc1 Qb6 15.
Bc3 Ba6 16. Qd2 Bb7 17. h4 Bc8 18. h5 Bg4 19. h6 Bh8 20. Nh2 Bf5 21. e6 g5 22.
f4 g4 23. Re3 Rfc8 24. b4 a4 25. a3 Qc7 26. Qe2 Qxf4 27. Rf1 Qg5 28. Bd2 Bg6 29.
Rg3 Qh5 30. Nxg4 Kf8 31. Rh3 1-0

[Event "PRO League Group Stage"]
[Site "chess.com INT"]
[Date "2019.02.07"]
[Round "5"]
[White "Ehlvest, Jaan"]
[Black "Afanasiev, Nikita"]
[Result "1-0"]
[WhiteTitle "GM"]
[BlackTitle "FM"]
[WhiteElo "2521"]
[BlackElo "2508"]
[WhiteTeam "Estonia Horses"]
[BlackTeam "Moscow Phoenix"]
[WhiteFideId "4500016"]
[BlackFideId "24183555"]
[EventDate "2019.01.08"]

1. e4 g6 2. d4 Bg7 3. Nc3 d6 4. Be3 a6 5. Qd2 Nd7 6. h4 h6 7. h5 g5 8. f4 gxf4
9. Bxf4 c5 10. Nf3 b5 11. dxc5 Nxc5 12. e5 Bg4 13. exd6 e6 14. Ne5 Nf6 15. Nxg4
Nxg4 16. Be2 Ne5 17. Rd1 b4 18. Qe3 Ncd7 19. Ne4 Qa5 20. O-O Rc8 21. c3 f5 22.
cxb4 Qxb4 23. Nf2 Kf7 24. b3 Rc3 25. Qd2 Qc5 26. Rc1 Rc8 27. Bxa6 Rc6 28. Bb7
Rxc1 29. Rxc1 Rxd6 30. Rxc5 Rxd2 31. Rc7 Rd4 32. Be3 Rd6 33. a4 Bf6 34. Bxh6 Bd8
35. Rc2 Rb6 36. Bc8 Rxb3 37. Bxd7 Nxd7 38. Ra2 Ba5 39. Bd2 Bc7 40. Kf1 Bb6 41.
a5 Ba7 42. Ke2 e5 43. Rc2 Ke6 44. h6 e4 45. h7 Rb8 46. Nh3 Nf6 47. Rc6+ Ke5 48.
Bc3+ Kd5 49. Rxf6 Kc4 50. Rc6+ 1-0

[Event "PRO League Group Stage"]
[Site "chess.com INT"]
[Date "2019.02.07"]
[Round "5"]
[White "Droin, Augustin"]
[Black "Vachier-Lagrave, Maxime"]
[Result "0-1"]
[BlackTitle "GM"]
[WhiteElo "2099"]
[BlackElo "2780"]
[WhiteTeam "Cannes Blitzstreams"]
[BlackTeam "Marseille Migraines"]
[WhiteFideId "45105987"]
[BlackFideId "623539"]
[EventDate "2019.01.08"]

1. e4 c5 2. Nf3 d6 3. d4 cxd4 4. Nxd4 Nf6 5. Nc3 a6 6. Rg1 e6 7. g4 d5 8. exd5
Nxd5 9. Nxd5 Qxd5 10. Bg2 Qe5+ 11. Be3 Qxh2 12. Nf3 Qc7 13. Qd4 Nc6 14. Qd2 e5
15. Bf1 Be6 16. a3 Rd8 17. Qc3 Be7 18. Bd3 Bd5 19. Nd2 O-O 20. O-O-O b5 21. Bc5
Bxc5 22. Qxc5 Qe7 23. Qxe7 Nxe7 24. Rde1 Nc6 25. Rg3 g6 26. Ne4 Kg7 27. Nc5 Rfe8
28. Nxa6 Bc4 29. Nc7 Re7 30. Bxc4 bxc4 31. Nb5 Rb7 32. a4 Kf6 33. Rh3 Ra8 34.
Rxh7 Rxa4 35. Nd6 Rd7 36. Ne4+ Ke7 37. Kb1 Rda7 38. Kc1 Ra1+ 39. Kd2 Rd7+ 40.
Ke2 Nd4+ 41. Kf1 Rxe1+ 42. Kxe1 Nxc2+ 43. Ke2 Nd4+ 44. Ke3 Ne6 45. Nd2 Rd3+ 46.
Ke2 Nf4+ 47. Ke1 Rd4 48. Nf3 Nd3+ 49. Ke2 Rxg4 50. b3 cxb3 51. Nd2 b2 52. Kxd3
Rd4+ 0-1

[Event "PRO League Group Stage"]
[Site "chess.com INT"]
[Date "2019.02.07"]
[Round "5"]
[White "Maze, Sebastien"]
[Black "Tregubov, Pavel V."]
[Result "0-1"]
[WhiteTitle "GM"]
[BlackTitle "GM"]
[WhiteElo "2596"]
[BlackElo "2592"]
[WhiteTeam "Cannes Blitzstreams"]
[BlackTeam "Marseille Migraines"]
[WhiteFideId "613762"]
[BlackFideId "4115341"]
[EventDate "2019.01.08"]

1. e4 c5 2. Nf3 e6 3. b3 a6 4. Bb2 Nc6 5. Na3 d6 6. Nc4 b5 7. Ne3 Nf6 8. a4 Rb8
9. axb5 axb5 10. d4 Nxe4 11. d5 Nb4 12. g3 Be7 13. Bxg7 Bf6 14. Bxh8 Bxh8 15.
Bg2 Bc3+ 16. Kf1 Qf6 17. Ra7 e5 18. Qe2 h5 19. Nh4 Nd2+ 20. Kg1 c4 21. Qxh5 Bd4
22. Rc7 Bb6 23. Rxc8+ Rxc8 24. Bh3 Ne4 25. Nhf5 cxb3 26. Ng4 Qg5 27. Qh8+ Kd7
28. Nxe5+ Kc7 29. Qh7 dxe5 30. Qxf7+ Kb8 31. Kg2 bxc2 32. Ne7 c1=Q 33. Rxc1 Qxc1
34. Qe6 Qc5 35. Qxe5+ Rc7 36. Qxe4 Qxf2+ 37. Kh1 Qg1# 0-1

[Event "PRO League Group Stage"]
[Site "chess.com INT"]
[Date "2019.02.07"]
[Round "5"]
[White "Moussard, Jules"]
[Black "Lagarde, Maxime"]
[Result "0-1"]
[WhiteTitle "GM"]
[BlackTitle "GM"]
[WhiteElo "2605"]
[BlackElo "2604"]
[WhiteTeam "Marseille Migraines"]
[BlackTeam "Cannes Blitzstreams"]
[WhiteFideId "642908"]
[BlackFideId "662399"]
[EventDate "2019.01.08"]

1. Nf3 g6 2. e4 c5 3. h4 h6 4. Bc4 Nc6 5. d3 Bg7 6. Nc3 a6 7. a3 e6 8. Ba2 Nge7
9. Bf4 d6 10. Qd2 b5 11. Nd1 d5 12. c3 dxe4 13. dxe4 Qxd2+ 14. Bxd2 Bb7 15. Ne3
O-O-O 16. O-O-O Rd7 17. h5 g5 18. Ng4 c4 19. Bb1 f5 20. exf5 exf5 21. Ne3 Na5
22. Bc2 Nb3+ 23. Bxb3 cxb3 24. Rhe1 Rhd8 25. Nf1 Be4 26. Be3 Rxd1+ 27. Rxd1
Rxd1+ 28. Kxd1 f4 29. Bc5 Nf5 30. N1d2 Bd5 31. Ke2 Bf7 32. Kd3 Bxh5 33. Nxb3
Bxf3 34. gxf3 h5 35. Nd2 h4 36. Ke4 h3 37. Nf1 Nh4 38. Nh2 Kd7 39. Bb6 Ke6 40.
Bd8 Bf6 41. Bc7 Nf5 42. Bb8 Be7 43. Ng4 a5 44. b4 a4 45. Be5 Nh6 46. Nh2 Nf7 47.
Bb8 Bd6 48. Ba7 Be5 49. Kd3 Nd6 50. Bb6 Nc4 51. Bd8 Kf5 52. Ng4 Nxa3 53. Nh6+
Kg6 54. Ng4 Bg7 55. Bc7 Nc4 56. Kc2 a3 57. Kb3 Bxc3 0-1

[Event "PRO League Group Stage"]
[Site "chess.com INT"]
[Date "2019.02.07"]
[Round "5"]
[White "Maurizzi, Marc Andria"]
[Black "Duda, Jan-Krzysztof"]
[Result "1/2-1/2"]
[WhiteTitle "CM"]
[BlackTitle "GM"]
[WhiteElo "2028"]
[BlackElo "2738"]
[WhiteTeam "Marseille Migraines"]
[BlackTeam "Cannes Blitzstreams"]
[WhiteFideId "36083534"]
[BlackFideId "1170546"]
[EventDate "2019.01.08"]

1. e4 e5 2. Nf3 Nf6 3. Nxe5 d6 4. Nf3 Nxe4 5. Nc3 Nxc3 6. dxc3 Be7 7. Be3 Nd7 8.
Qd2 O-O 9. O-O-O c6 10. h4 Ne5 11. Nxe5 dxe5 12. Bc4 a5 13. Qxd8 Bxd8 14. a4 Re8
15. Rd2 Bf5 16. h5 h6 17. Rhd1 Bf6 18. Be2 Rad8 19. Rxd8 Bxd8 20. c4 Bc7 21. b3
Be6 22. g4 Rd8 23. Rxd8+ Bxd8 24. Kd2 Kh7 25. f4 exf4 26. Bxf4 Bg5 27. Ke3 c5
28. Kf3 Bd8 29. Bd6 b6 30. Bd3+ g6 31. Kf4 Kg7 32. Be5+ Kh7 33. Bd6 Bd7 34. Be4
Bc8 35. Be5 Bd7 36. Bd6 Be8 37. Be5 Kg8 38. Bd5 Kf8 39. Bd6+ Kg7 40. Bf3 Bd7 41.
Be4 g5+ 42. Kf3 Be6 43. Bd5 Bc8 44. Be4 Bd7 45. Be5+ Kf8 46. Bd6+ Ke8 47. Be5 f6
48. Bd6 Kf7 49. Bd5+ Kg7 50. Be4 Bc8 51. Bd3 Kf7 52. Be4 Bd7 53. Bd5+ Ke8 54.
Be4 Be7 55. Bc7 Bd8 56. Bd6 Be6 57. Bc6+ Bd7 58. Be4 Kf7 59. Bd5+ Kg7 60. Be4
Kf7 61. Bd5+ Kg7 62. Be4 Kf7 1/2-1/2

[Event "PRO League Group Stage"]
[Site "chess.com INT"]
[Date "2019.02.07"]
[Round "5"]
[White "Hansen, Torbjorn Ringdal"]
[Black "Braun, Arik"]
[Result "0-1"]
[WhiteTitle "GM"]
[BlackTitle "GM"]
[WhiteElo "2419"]
[BlackElo "2598"]
[WhiteTeam "Norway Gnomes"]
[BlackTeam "Berlin Bears"]
[WhiteFideId "1501720"]
[BlackFideId "4663527"]
[EventDate "2019.01.08"]

1. e4 c6 2. Nc3 d5 3. Nf3 Bg4 4. h3 Bxf3 5. Qxf3 e6 6. d4 Nf6 7. exd5 cxd5 8.
Bd3 Nc6 9. Ne2 Be7 10. O-O O-O 11. c3 Qb6 12. Nf4 g6 13. Re1 Rfe8 14. h4 Nd7 15.
h5 g5 16. h6 Rf8 17. Nh5 Kh8 18. Bc2 Nd8 19. Ba4 Nc6 20. Qd3 Rg8 21. Qf3 Raf8
22. Bc2 Nd8 23. g4 Rg6 24. Ng3 Rxh6 25. Nf5 exf5 26. Rxe7 Qd6 27. Rxd7 Qxd7 28.
Bxf5 Qd6 29. Bxg5 Qh2+ 30. Kf1 Qh1+ 31. Ke2 Re8+ 32. Be3 Qxa1 33. Qxd5 Rh1 34.
Bc2 Qf1+ 35. Kd2 Qe1+ 36. Kd3 Rh3 37. Qg5 Qxf2 0-1

[Event "PRO League Group Stage"]
[Site "chess.com INT"]
[Date "2019.02.07"]
[Round "5"]
[White "Holm, Kristian Stuvik"]
[Black "Mons, Leon"]
[Result "1-0"]
[WhiteTitle "IM"]
[BlackTitle "GM"]
[WhiteElo "2468"]
[BlackElo "2544"]
[WhiteTeam "Norway Gnomes"]
[BlackTeam "Berlin Bears"]
[WhiteFideId "1508083"]
[BlackFideId "4614950"]
[EventDate "2019.01.08"]

1. d4 Nf6 2. c4 e6 3. Nf3 d5 4. Nc3 Be7 5. Bf4 O-O 6. e3 c5 7. dxc5 Bxc5 8. cxd5
exd5 9. Be2 Nc6 10. O-O Be6 11. Rc1 a6 12. Na4 Ba7 13. Ne5 Nxe5 14. Bxe5 Ne4 15.
Bd4 b5 16. Bxa7 Rxa7 17. Nc5 Qe7 18. Qd4 Nxc5 19. Qxc5 Qxc5 20. Rxc5 d4 21. exd4
Rd8 22. d5 Rxd5 23. Rxd5 Bxd5 24. Rd1 Rd7 25. Bg4 Re7 26. Bf3 1-0

[Event "PRO League Group Stage"]
[Site "chess.com INT"]
[Date "2019.02.07"]
[Round "5"]
[White "Lagunow, Raphael"]
[Black "Tari, Aryan"]
[Result "0-1"]
[WhiteTitle "FM"]
[BlackTitle "GM"]
[WhiteElo "2413"]
[BlackElo "2625"]
[WhiteTeam "Berlin Bears"]
[BlackTeam "Norway Gnomes"]
[WhiteFideId "24652644"]
[BlackFideId "1510045"]
[EventDate "2019.01.08"]

1. Nf3 d5 2. g3 Nc6 3. d4 Bg4 4. Bg2 Qd7 5. h3 Bxf3 6. exf3 e6 7. f4 Nce7 8. c3
Nf5 9. Nd2 Nf6 10. Nf3 Be7 11. g4 Nd6 12. Ne5 Qb5 13. a4 Qa6 14. Qe2 Qxe2+ 15.
Kxe2 Nfe4 16. Be3 a5 17. Rhc1 c6 18. b3 h5 19. c4 hxg4 20. hxg4 Rh2 21. Kf1 f6
22. Nf3 Rh7 23. Ke2 Nf7 24. Rh1 Rxh1 25. Rxh1 dxc4 26. bxc4 Nc3+ 27. Kd3 Nxa4
28. Rb1 Bb4 29. Bd2 c5 30. Ne1 O-O-O 31. Nc2 g5 32. fxg5 fxg5 33. Bxb4 axb4 34.
Ke3 Nc3 35. Rb3 b6 36. Nxb4 cxb4 37. Rxb4 Nd1+ 38. Ke2 Rxd4 39. Rxb6 Nd6 40. c5
Nc4 41. Rb3 Ndb2 42. Bf3 Na4 43. c6 Nc5 44. Rc3 e5 45. Ke1 e4 46. Be2 Nd3+ 47.
Kf1 Kc7 48. f3 Nd2+ 49. Kg2 Nf4+ 50. Kf2 Nxe2 51. Kxe2 exf3+ 52. Kf2 Ne4+ 0-1

[Event "PRO League Group Stage"]
[Site "chess.com INT"]
[Date "2019.02.07"]
[Round "5"]
[White "Blohberger, Felix"]
[Black "Salomon, Johan"]
[Result "0-1"]
[WhiteTitle "IM"]
[BlackTitle "GM"]
[WhiteElo "2450"]
[BlackElo "2494"]
[WhiteTeam "Berlin Bears"]
[BlackTeam "Norway Gnomes"]
[WhiteFideId "1632051"]
[BlackFideId "1509500"]
[EventDate "2019.01.08"]

1. e4 e5 2. Nf3 Nc6 3. Bb5 Nf6 4. O-O Nxe4 5. Re1 Nd6 6. Nxe5 Be7 7. Bf1 O-O 8.
Nf3 Nf5 9. d4 d5 10. c3 Re8 11. Bd3 Bd6 12. Nbd2 Rxe1+ 13. Nxe1 Nh4 14. g3 Ng6
15. Ng2 Nce7 16. Qf3 Be6 17. Nf1 Qd7 18. Qe2 Bg4 19. Qc2 c5 20. dxc5 Bxc5 21.
Be3 d4 22. cxd4 Bxd4 23. Bxd4 Qxd4 24. Nge3 Bf3 25. Nd2 Bc6 26. Be4 Rc8 27. Bxc6
Rxc6 28. Ndc4 Nd5 29. Rd1 Nxe3 30. Nxe3 Rxc2 31. Rxd4 Rxb2 32. Rd8+ Nf8 33. a4
g6 34. Ra8 a6 35. Nd5 Kg7 36. Rd8 Ne6 37. Rd7 Nc5 38. Rc7 Nxa4 39. Ne3 Rb5 40.
h4 h5 41. Kg2 a5 42. Rd7 Nc3 43. Nc4 Ne4 44. f3 Nf6 45. Rc7 Nd5 46. Rd7 Kf6 47.
Nd6 Rb2+ 48. Kg1 Ke6 49. Rd8 Ke7 50. Nxb7 Rxb7 51. Rxd5 Ra7 52. Rd3 a4 53. Ra3
Kd6 54. Kf2 Kc5 55. g4 Kb4 56. Ra1 Kb3 57. gxh5 gxh5 58. Kg3 Kb2 59. Re1 a3 60.
Kf4 a2 61. Kg5 Rc7 62. Kxh5 Rc1 63. Re2+ Rc2 64. Re1 Rg2 65. Kh6 a1=Q 66. Rxa1
Kxa1 67. f4 f5 68. h5 Rg4 69. Kh7 Rxf4 70. Kg6 Rh4 0-1

[Event "PRO League Group Stage"]
[Site "chess.com INT"]
[Date "2019.02.07"]
[Round "5"]
[White "Herrera Reyes, Jose Antonio"]
[Black "Van Foreest, Jorden"]
[Result "0-1"]
[WhiteTitle "FM"]
[BlackTitle "GM"]
[WhiteElo "2324"]
[BlackElo "2612"]
[WhiteTeam "Barcelona Raptors"]
[BlackTeam "Amsterdam Mosquitoes"]
[WhiteFideId "2274914"]
[BlackFideId "1039784"]
[EventDate "2019.01.08"]

1. Nf3 d5 2. g3 Nf6 3. Bg2 c6 4. d3 Bg4 5. c3 Nbd7 6. O-O e5 7. Qb3 Qc7 8. a4 a5
9. Qa2 Bd6 10. h3 Bh5 11. Re1 O-O 12. Nh4 Rfe8 13. Nd2 Nc5 14. Nf1 e4 15. d4 Ne6
16. Nf5 Bf8 17. b3 b6 18. Ba3 c5 19. Rac1 Rad8 20. N1e3 Qb8 21. Red1 Ng5 22. b4
axb4 23. cxb4 cxb4 24. Bb2 Rc8 25. Nxd5 Nxd5 26. Qxd5 Bxe2 27. Nxg7 Bxg7 28.
Qxg5 h6 29. Qf5 Bxd1 30. Rxd1 Rc2 31. Ba1 Qc8 32. Bxe4 Rc1 33. Rf1 Qxf5 34. Bxf5
Ree1 0-1

[Event "PRO League Group Stage"]
[Site "chess.com INT"]
[Date "2019.02.07"]
[Round "5"]
[White "Alvarado Diaz, Alejandro"]
[Black "Klein, David"]
[Result "1-0"]
[WhiteTitle "IM"]
[BlackTitle "GM"]
[WhiteElo "2388"]
[BlackElo "2492"]
[WhiteTeam "Barcelona Raptors"]
[BlackTeam "Amsterdam Mosquitoes"]
[WhiteFideId "2276119"]
[BlackFideId "1003623"]
[EventDate "2019.01.08"]

1. g3 d5 2. Bg2 Bf5 3. c4 c6 4. cxd5 cxd5 5. Qb3 e6 6. Qxb7 Nd7 7. Nf3 Ngf6 8.
O-O Bc5 9. Qb3 Rb8 10. Qd1 O-O 11. Nc3 h6 12. d3 Bd6 13. Nd4 Ne5 14. Nxf5 exf5
15. Nxd5 Nxd5 16. Bxd5 Ng4 17. Bg2 h5 18. h3 Ne5 19. e4 h4 20. d4 Nc4 21. e5 Be7
22. g4 Nxb2 23. Bxb2 Rxb2 24. gxf5 Bb4 25. Qg4 Qd7 26. d5 Bc3 27. e6 Qd6 28.
Rac1 Bf6 29. Rc6 Qe5 30. Qe4 Rd8 31. Qxe5 Bxe5 32. e7 Re8 33. d6 Bxd6 34. Rxd6
Rxe7 35. Bd5 Kh7 36. f6 gxf6 37. Rxf6 Kg7 38. Rf4 Re5 39. Bb3 Rg5+ 40. Kh1 f6
41. Rxh4 a5 42. Rf4 Kg6 43. h4 Rh5 44. Rg1+ Kh7 45. Kh2 a4 46. Rxa4 Rxf2+ 47.
Rg2 Rxg2+ 48. Kxg2 Kg6 49. Bc2+ Kf7 50. Kg3 Rc5 51. Bb3+ Kg6 52. Rg4+ Kh5 53.
Rf4 Kg6 54. Rg4+ Kh5 55. Bf7+ Kh6 56. Rg6+ Kh7 57. Rxf6 Kg7 58. Rf3 Kh6 59. Bb3
Kg7 60. Rf4 Kh6 61. Kf3 Kh5 62. Ke3 Rc3+ 63. Kd4 Rc8 64. a4 Rb8 65. Kc3 Rc8+ 66.
Rc4 Rb8 67. a5 Rb5 68. Ra4 Rc5+ 69. Kb2 Rc7 70. a6 Ra7 71. Bd5 Kh6 72. Bb7 Kh5
73. Kc3 Kh6 74. Kb4 Kg7 75. Ka5 Kf6 76. Kb6 Rxa6+ 77. Bxa6 Kg6 78. Ra5 Kh6 79.
Rg5 Kh7 80. Kc6 Kh6 81. Kd6 Kh7 82. Ke6 Kh6 83. Kf7 Kh7 84. Rh5# 1-0

[Event "PRO League Group Stage"]
[Site "chess.com INT"]
[Date "2019.02.07"]
[Round "5"]
[White "Van der Lende, Ilias"]
[Black "Forcen Esteban, Daniel"]
[Result "0-1"]
[WhiteTitle "FM"]
[BlackTitle "GM"]
[WhiteElo "2334"]
[BlackElo "2567"]
[WhiteTeam "Amsterdam Mosquitoes"]
[BlackTeam "Barcelona Raptors"]
[WhiteFideId "1019260"]
[BlackFideId "2288230"]
[EventDate "2019.01.08"]

1. e4 e5 2. Nf3 Nc6 3. d4 exd4 4. Nxd4 Nf6 5. Nc3 Bc5 6. Nxc6 bxc6 7. Bd3 d6 8.
Bg5 h6 9. Bh4 Qe7 10. O-O g5 11. Bg3 h5 12. e5 h4 13. exd6 cxd6 14. Qf3 hxg3 15.
Qxc6+ Kd8 16. Qxa8 gxf2+ 17. Rxf2 Bxf2+ 18. Kxf2 Ng4+ 19. Kf1 Qf6+ 20. Qf3 Nxh2+
21. Ke2 Nxf3 22. gxf3 Rh2+ 0-1

[Event "PRO League Group Stage"]
[Site "chess.com INT"]
[Date "2019.02.07"]
[Round "5"]
[White "Admiraal, Miguoel"]
[Black "Diaz Camallonga, Carles"]
[Result "1/2-1/2"]
[WhiteTitle "IM"]
[BlackTitle "IM"]
[WhiteElo "2478"]
[BlackElo "2432"]
[WhiteTeam "Amsterdam Mosquitoes"]
[BlackTeam "Barcelona Raptors"]
[WhiteFideId "1019716"]
[BlackFideId "22235256"]
[EventDate "2019.01.08"]

1. e4 e6 2. d4 d5 3. Bd3 dxe4 4. Bxe4 Nf6 5. Bf3 Nbd7 6. Nc3 Bd6 7. Nb5 O-O 8.
Nxd6 cxd6 9. Ne2 e5 10. Ng3 h6 11. O-O Re8 12. dxe5 Nxe5 13. Be2 Be6 14. b3 Qc7
15. Bb2 Rac8 16. c4 Qe7 17. Qd2 Nc6 18. Rad1 Red8 19. Qf4 Ne5 20. Bxe5 dxe5 21.
Qxe5 Qa3 22. Qa1 a5 23. Bf3 b6 24. Ne2 a4 25. Qb1 Bd7 26. Nc3 Qb4 27. Nd5 Nxd5
28. Bxd5 axb3 29. axb3 b5 30. Rd4 bxc4 31. Bxc4 Qb6 32. Rfd1 Be8 33. Qd3 Rxd4
34. Qxd4 Qxd4 35. Rxd4 Kf8 36. h4 f6 37. Rd6 Ke7 38. Rb6 Rc7 39. g3 Bg6 40. Kf1
Rd7 41. Ke2 Bh5+ 42. Ke3 Bg6 43. b4 Kd8 44. b5 Kc7 45. Rc6+ Kb7 46. Bf1 Re7+ 47.
Kd2 Rd7+ 48. Kc3 Be4 49. Rc4 Bf3 50. Rf4 Bd5 51. Rd4 Rc7+ 52. Kb4 Bf3 53. Bc4
Re7 54. Ka5 Kb8 55. Kb6 Rb7+ 56. Kc5 Rc7+ 57. Kb4 Re7 58. Bd5 Bxd5 59. Rxd5 Re2
60. Rd7 g5 61. hxg5 hxg5 62. Ka5 Kc8 63. Rf7 Rxf2 64. Kb6 f5 65. Rf8+ Kd7 66.
Kb7 f4 67. gxf4 gxf4 68. b6 f3 69. Kb8 Rb2 70. b7 f2 71. Rf3 Kc6 72. Rc3+ Kd7
73. Rd3+ Kc6 74. Rc3+ Kd7 75. Rc1 Kd8 76. Rd1+ Ke7 77. Rf1 Kd7 78. Rd1+ Ke7 79.
Rc1 Kd7 80. Rd1+ Ke7 81. Ka7 Ra2+ 82. Kb6 Rb2+ 83. Kc7 Rc2+ 84. Kb8 Rb2 85. Rf1
Kd7 86. Rc1 Rb3 87. Ka7 Ra3+ 88. Kb6 Rb3+ 89. Ka7 Ra3+ 90. Kb8 Rb3 91. Rd1+ Ke7
92. Rf1 Rb2 93. Kc7 Rc2+ 94. Kb6 Rb2+ 95. Kc6 Rc2+ 96. Kb6 Rb2+ 97. Ka7 Ra2+ 98.
Kb8 Rb2 99. Rc1 Kd7 100. Rd1+ Ke7 1/2-1/2

[Event "PRO League Group Stage"]
[Site "chess.com INT"]
[Date "2019.02.07"]
[Round "5"]
[White "Skuhala, Jernej"]
[Black "Meier, Georg"]
[Result "0-1"]
[WhiteTitle "FM"]
[BlackTitle "GM"]
[WhiteElo "2277"]
[BlackElo "2623"]
[WhiteTeam "Ljubljana Turtles"]
[BlackTeam "Baden-Baden Snowballs"]
[WhiteFideId "14605651"]
[BlackFideId "4675789"]
[EventDate "2019.01.08"]

1. e4 e6 2. d4 d5 3. exd5 exd5 4. Nf3 Nc6 5. c3 Bd6 6. Bb5 Ne7 7. Nbd2 O-O 8.
O-O Ng6 9. Re1 Nce7 10. Nf1 c6 11. Bd3 Bf5 12. Bxf5 Nxf5 13. Ng3 Qd7 14. Ne5
Bxe5 15. dxe5 Nxg3 16. hxg3 c5 17. Be3 b6 18. f4 Rad8 19. Qf3 Rfe8 20. Rad1 Qa4
21. Rxd5 Qxa2 22. Rxd8 Rxd8 23. Bc1 Qd5 24. Qxd5 Rxd5 25. Be3 h5 26. Ra1 Rd7 27.
Kf2 Ne7 28. Kf3 Nf5 29. Bf2 a5 30. Ke2 Kh7 31. b4 axb4 32. cxb4 cxb4 33. Rb1
Nd4+ 34. Ke3 Nc6 35. Rb2 Ne7 36. Ke4 Nd5 37. Bd4 g6 38. Ra2 Nc3+ 39. Bxc3 bxc3
40. Rc2 Rc7 41. Kd4 f6 42. e6 b5 43. Rxc3 Rxc3 44. Kxc3 Kg7 45. Kb4 Kf8 46. Kxb5
Ke7 47. Kc5 Kxe6 48. Kd4 Kf5 49. Kd5 g5 50. fxg5 fxg5 51. Kd6 Kg4 52. Ke5 Kxg3
53. Kf5 g4 0-1

[Event "PRO League Group Stage"]
[Site "chess.com INT"]
[Date "2019.02.07"]
[Round "5"]
[White "Markoja, Boris"]
[Black "Donchenko, Alexander"]
[Result "0-1"]
[WhiteTitle "IM"]
[BlackTitle "GM"]
[WhiteElo "2442"]
[BlackElo "2604"]
[WhiteTeam "Ljubljana Turtles"]
[BlackTeam "Baden-Baden Snowballs"]
[WhiteFideId "14608502"]
[BlackFideId "24603295"]
[EventDate "2019.01.08"]

1. Nf3 Nf6 2. c4 e6 3. d4 c5 4. Nc3 cxd4 5. Nxd4 Bb4 6. Bf4 O-O 7. Nb5 d5 8. e3
a6 9. a3 Ba5 10. Nd6 Nc6 11. Nxc8 Rxc8 12. b4 Bc7 13. Bxc7 Qxc7 14. c5 Qe5 15.
Ne2 a5 16. b5 Ne7 17. Qd4 Qc7 18. Rc1 Nd7 19. Nc3 Nxc5 20. Qd1 Ne4 21. Na2 Qe5
22. Bd3 Qb2 23. Rc2 Qxa3 24. Bxe4 dxe4 25. O-O Nd5 26. Qb1 Rxc2 27. Qxc2 Qd3 28.
Rc1 Qxc2 29. Rxc2 f5 30. Kf1 Kf7 31. Ke2 Ke7 32. Nc1 a4 33. Rc4 Ra8 34. Na2 Ra5
35. Kd1 Rxb5 36. Kc2 a3 0-1